| 000 | 01038nam a22002537a 4500 | ||
|---|---|---|---|
| 003 | Uzh_bibl | ||
| 008 | 260423b |||||||| |||| 00| 0 ukr d | ||
| 020 | _c82,86 | ||
| 040 | _bукр. | ||
| 041 |
_2ukr _aukr |
||
| 080 | _a821.161.1 | ||
| 090 |
_a821.161.1 _bТ 80 |
||
| 100 | _a- | ||
| 245 |
_aГрецькі народні казки _bКазки народів світу _cУпоряд. Василь степаненко _hТекст |
||
| 260 |
_aКиїв _b"Веселка" _c1985 |
||
| 300 |
_a159 с. _bіл. _fВ опр. |
||
| 520 | _aЗбірка найпопулярнішихказок Греції - соціально-побутових, пригодницьких, фантастичних та ін. | ||
| 521 | _aДля широкого кола читачів | ||
| 546 | _aукр. | ||
| 650 | _aЛітературно-художнє видання | ||
| 653 |
_aГарний парубок _aКоти _aРусалка _aБезхвоста |
||
| 655 | _aХудожня література | ||
| 942 |
_2udc _cBK |
||
| 999 |
_c17491 _d17491 |
||